00643pab a2200193 454500008004000000100001400040245010700054260000900161300001600170362001100186650005000197650002200247700001900269773002000288908000600308909001100314999001900325952010500344180718b2014 xxu||||| |||| 00| 0 eng d aDas, H.L. aRole of higher education institutions in pursuits of excellence in basic sciences in Arunachal Pradesh c2014 ap.18,19,23. a27 Jan aScience education - India - Arunachal Pradesh aScience education aSha, Narang B. aUniversity News aN a102721 c102719d102719 00104070aIIPAbIIPAd2018-07-19hVolume no: 52, Issue no: 4pAR103181r2018-07-19w2018-07-19yAR